000
00272nam a2200109Ia 4500
008
201216s9999 xx 000 0 und d
100
_a
Martin, James
245
3
_a
An Information Systems Manifesto
260
_a
Englewood Cliffs
_b
Prentice Hall
300
_a
300
942
_c
BK
999
_c
6454
_d
6454